INFORME FINAL DEL EJERCICIO PROFESIONAL SUPERVISADO, MEJORAMIENTO SISTEMA DE AGUA POTABLE (RED DE DISTRIBUCIÓN), ALDEA GUAXPAC, MEJORAMIENTO CANCHA POLIDEPORTIVA, CAMPO COLORADO Y SISTEMA DE MANEJO DE DRANAJE PLUVIAL, TACTIC, ALTA VERAPAZ./ (Registro nro. 2059)

Detalles MARC
000 -LEADER
campo de control de longitud fija 03208nam a22003377a 4500
001 - NÚMERO DE CONTROL
campo de control TIC 0044
003 - IDENTIFICADOR DE NÚMERO DE CONTROL
campo de control gtcocun
005 - FECHA Y HORA DE LA ÚLTIMA TRANSACCIÓN
campo de control 20250922184509.0
006 - CÓDIGOS DE INFORMACIÓN DE LONGITUD FIJA--CARACTERÍSTICAS DEL MATERIAL ADICIONAL
campo de control de longitud fija a||||gr|||| 00| 0
007 - CAMPO FIJO DE DESCRIPCIÓN FÍSICA--INFORMACIÓN GENERAL
campo de control de longitud fija ta
008 - DATOS DE LONGITUD FIJA--INFORMACIÓN GENERAL
campo de control de longitud fija 250922b2024 gt ||||| m||| 00| 0 eng d
040 ## - FUENTE DE CATALOGACIÓN
Centro catalogador/agencia de origen gtcocun
Lengua de catalogación SPA
Centro/agencia transcriptor gtcocun
Normas de descripción RDA
041 ## - CÓDIGO DE IDIOMA
Código de lengua del texto/banda sonora o título independiente SPA TIC 0044
084 ## - OTRO NÚMERO DE CLASIFICACIÓN
Número de control del registro de autoridad o número normalizado TIC 0044
100 ## - ENTRADA PRINCIPAL--NOMBRE DE PERSONA
Nombre de persona Riveiro Santos, Marner Alejandra
Término indicativo de función/relación Autor
245 ## - MENCIÓN DEL TÍTULO
Título INFORME FINAL DEL EJERCICIO PROFESIONAL SUPERVISADO, MEJORAMIENTO SISTEMA DE AGUA POTABLE (RED DE DISTRIBUCIÓN), ALDEA GUAXPAC, MEJORAMIENTO CANCHA POLIDEPORTIVA, CAMPO COLORADO Y SISTEMA DE MANEJO DE DRANAJE PLUVIAL, TACTIC, ALTA VERAPAZ./
Mención de responsabilidad, etc. Marner Alejandra Riveiro Santos.
Medio Impreso
264 ## - PRODUCCIÓN, PUBLICACIÓN, DISTRIBUCIÓN, FABRICACIÓN Y COPYRIGHT
Producción, publicación, distribución, fabricación y copyright Cobán, Alta Verapaz:
Nombre del de productor, editor, distribuidor, fabricante Universidad de San Carlos de Guatemala, Centro Universitario del Norte, Ingeniería Civil
Fecha de producción, publicación, distribución, fabricación o copyright 2024
300 ## - DESCRIPCIÓN FÍSICA
Extensión 247 p.:
Otras características físicas Ilustraciones, gráficas.
Dimensiones 28 cm;
300 ## - DESCRIPCIÓN FÍSICA
Dimensiones PDF
336 ## - TIPO DE CONTENIDO
Fuente rdacontenido
Término de tipo de contenido Texto
Código de tipo de contenido txt
337 ## - TIPO DE MEDIO
Fuente rdamedio
Nombre/término del tipo de medio Computadora
Código del tipo de medio n
338 ## - TIPO DE SOPORTE
Fuente rdasoporte
Nombre/término del tipo de soporte Código en línea
Código del tipo de soporte cr
502 ## - NOTA DE TESIS
identificador de la tesis TIC 0044
502 ## - NOTA DE TESIS
Nota de tesis Tesis de grado
Tipo de título Ingeniería Civil,
Nombre de la institución que otorga el título Universidad de San Carlos de Guatemala, Centro Universitario del Norte, Ingeniería Civil
Año de obtención del título 2024
Identificador de la tesis TIC 0044
520 14 - RESUMEN, ETC.
Sumario, etc. El presente trabajo de investigación muestra los resultados obtenidos del Ejercicio Profesional Supervisado realizado en el municipio de Tactic, departamento de Alta Verapaz, el cual consta del diseño y la planificación de los proyectos propuestos denominados: Mejoramiento sistema de agua potable (red de distribución), aldea Guaxpac, Mejoramiento cancha polideportiva Campo Colorado y sistema de manejo de drenaje pluvial, Tactic, Alta Verapaz.<br/><br/>Actualmente, los habitantes de la aldea Guaxpac no cuentan con un sistema de abastecimiento de agua potable adecuado, por lo que se consideran actividades que permitan la implementación de un nuevo sistema que se adecúe a los requerimientos de la población.<br/><br/>En cuanto a la situación que se presenta en el Campo Colorado se puede mencionar que actualmente el terreno cuenta problemas de estancamiento de agua, razón por la cual se diseña una cuneta triangular debido a que el problema surge al no contar con un sistema adecuado que permita el desfogue del agua pluvial de modo que se busca la manera de redirigir el agua proveniente de la parte alta para que no afecte al diseño del proyecto.<br/><br/>La finalidad de estas actividades es lograr recolectar la mayor información posible relacionada al área donde se desea implementar el proyecto para posteriormente con ayuda de los datos realizar un diseño capaz de satisfacer las demandas establecidas, con base a normas y reglamentos que se rigen en nuestro país, que además garanticen el correcto funcionamiento del sistema para su implementación en el centro poblado de estudio.
650 14 - PUNTO DE ACCESO ADICIONAL DE MATERIA--TÉRMINO DE MATERIA
Fuente del encabezamiento o término LEMB
Término de materia o nombre geográfico como elemento de entrada Tactic, Alta Verapaz.
Subdivisión general Ingeniería
-- Sistema
-- Estudio
-- Red
-- Distribución
-- Proyecto
700 ## - ENTRADA AGREGADA--NOMBRE PERSONAL
Nombre de persona Ing. Civil Jorge Haroldo Dubón Xitumul
Término indicativo de función/relación Asesor
856 ## - LOCALIZACIÓN Y ACCESO ELECTRÓNICOS
Identificador Uniforme de Recurso <a href="https://drive.google.com/file/d/1HkVWx4Oi3rg24jibdZ_Jrl-jwXgL2KjR/view">https://drive.google.com/file/d/1HkVWx4Oi3rg24jibdZ_Jrl-jwXgL2KjR/view</a>
Texto de enlace PDF
Nota pública Un ejemplar en línea.
942 ## - ELEMENTOS DE ENTRADA SECUNDARIOS (KOHA)
Fuente de la clasificación o esquema de estantería Clasificación Decimal Dewey
Tipo de ítem Koha TESIS
Parte de la signatura que identifica el ejemplar (Parte del ítem) TIC 0044
Prefijo de la signatura Clasificación
Suprimir en OPAC No
-- TIC_0044_000000000000000
Existencias
Estatus retirado Estado de pérdida Fuente de la clasificación o esquema de estantería Estado de daño No para préstamo Colección Biblioteca de origen Biblioteca actual Ubicación en estantería Fecha de adquisición Número de inventario Total de préstamos Signatura topográfica completa Código de barras Visto por última vez Precio de reemplazo Tipo de ítem Koha
    Clasificación Decimal Dewey     tesis BIBLIOTECA- CUNOR -JOSÉ LUIS GONZALES ROSALES BIBLIOTECA- CUNOR -JOSÉ LUIS GONZALES ROSALES Colección tesis 16/09/2025 TIC 0044   TIC 0044 TIC 0044 16/09/2025 16/09/2025 TESIS